|
|
|
|
| LEADER |
00762nam a22001931a 4500 |
| 020 |
|
|
|c 0.00
|
| 040 |
|
|
|a SSUS - Library - Kalady
|
| 082 |
|
|
|a PV 721.5
|b BEE/A
|
| 100 |
|
|
|a Beena George
|
| 245 |
|
|
|a An analytical study of mathematical approaches for roofing system of vastuvidya with special reference to Lilavati and Karanapaddhati
|h [Text]
|
| 260 |
|
|
|a Kalady
|b Sree Sankaracharya University of Sanskrit
|c 2013
|
| 300 |
|
|
|a 276p.
|
| 600 |
|
|
|a Architecture
|
| 600 |
|
|
|a Roofing System
|
| 600 |
|
|
|a Vastuvidya
|
| 852 |
|
|
|k Reference
|h PV 721.5
|i BEE/A
|p T1661
|9 0.00
|t 0
|
| 942 |
|
|
|c REF
|
| 999 |
|
|
|c 2019
|d 2019
|
| 952 |
|
|
|0 0
|1 0
|2 ddc
|4 0
|6 R_PV_721_500000000000000_BEE_A
|7 0
|9 3146
|a SSUS
|b SSUS
|c REF
|d 2015-01-08
|g 0.00
|o R PV 721.5 BEE/A
|p TH0323
|r 2015-01-08
|v 0.00
|w 2015-01-08
|y PHDT
|